000 00537nam a22001937a 4500
999 _c525388
_d525388
003 NUST
038 _aArshad
082 _a891.491
_bRAH
100 _aRahi, Ahmad
_916248
245 _aTranjan /
_cAhmad Rahi
260 _aLahore :
_bAl hamad,
_c2001.
300 _a136 p. ;
500 _aHardcover.
650 _aPunjabi litrature
_916249
880 _6100-01\r
_aآحمد راہی
880 _6245-02\r
_aترنجن
_cاحمد راہی
880 _6260-03\r
_aلاہور:
_bالحمد پبلی کیشنز،
_c2001
942 _2ddc
_cBK